书目信息 |
| 题名: |
请WU偷看:陈仲舜心理热线咨询手记
|
|
| 作者: | 陈仲舜 著 | |
| 分册: | ||
| 出版信息: | 天津 天津科学技术出版社 1998.07 |
|
| 页数: | 188页 | |
| 开本: | 32开 | |
| 丛书名: | ||
| 单 册: | ||
| 中图分类: | B844.2 | |
| 科图分类: | ||
| 主题词: | 发展心理学 | |
| 电子资源: | ||
| ISBN: | 7-5308-2461-9 | |
| 000 | 00621nam0 2200193 45 | |
| 001 | 0009280925 | |
| 005 | 20000928104735.6 | |
| 010 | @a7-5308-2461-9@d12.60元 | |
| 100 | @a20000928d1998 km y0chiy0120 ea | |
| 101 | 0 | @achi |
| 105 | @a z 000yy | |
| 200 | 1 | @a请WU偷看:陈仲舜心理热线咨询手记@AQing WU Tou Kan:Chen Zhong Shun Xin Li Re Xian Zi Xun Shou Ji@AQing WUTou Kan@f陈仲舜著@FChen Zhong Shun Zhu |
| 210 | @a天津@c天津科学技术出版社@d1998.07 | |
| 215 | @a188页@d32开 | |
| 606 | 0 | @a发展心理学 |
| 690 | @aB844.2@v3 | |
| 701 | 0 | @a陈仲舜@4著 |
| 801 | @aCN@bPftUser@c20000928 | |
| 905 | @dB844.2@eCH801/1@b156538-540@f3 | |
| 请WU偷看:陈仲舜心理热线咨询手记/陈仲舜著.-天津:天津科学技术出版社,1998.07 |
| 188页;32开 |
| ISBN 7-5308-2461-9:12.60元 |
| ● |
| 相关链接 |
|
|
|
正题名:请WU偷看:陈仲舜心理热线咨询手记
索取号:B844.2/CH801/1
 
预约/预借
| 序号 | 登录号 | 条形码 | 馆藏地/架位号 | 状态 | 备注 |
| 1 | 156538 | 201565387 | 社科库509/422社科库 44排2列3层/ [索取号:B844.2/CH801/1] | 在馆 | |
| 2 | 156539 | 201565396 | 社科库509/509社科库 38排1列4层/ [索取号:B844.2/CH801/1] | 在馆 | |
| 3 | 156540 | 201565403 | 社科库509/422社科库 44排2列3层/ [索取号:B844.2/CH801/1] | 在馆 |